00736nam a2200205 a 450000100060000000300090000600800410001502000150005604000280007108200190009910000290011824500630014726000420021030000080025259000360026065000510029694200120034799900170035995201540037613908CO-ViMGA141112s2004 ck r 000 u spa d a8425510538 aCO-ViMGAbspacCO-ViMGA04a629.28772 V1531 aVan der Plas, Rob92027910aLa bicicleta : bsu mantenimiento y reparacion paso a paso aBarcelona : bHispano Europea, c1995 a127 aForma de adquisición : Compra14aBICICLETAS - MANTENIMIENTO Y REPARACION920280 2ddccBK c24610d24610 00102ddc40708002aMEVIECARbMEVIECARd2015-12-04hVolumen. 1 | 11/jun/2009l0o629.28772 V153 p13908r2015-12-04 00:00:00tEj. 1w2015-12-04yBK